| 000 | 00398nam a2200145Ia 4500 | ||
|---|---|---|---|
| 008 | 230312s9999||||xx |||||||||||||| ||und|| | ||
| 020 | _a0-7879-5693-7 | ||
| 082 |
_a658.402 _bSUC |
||
| 245 | 0 | _aSuccessful Team-Building tools | |
| 260 |
_bJossey-Bass/Pfeiffer _aFrancisco _c2001 |
||
| 300 | _a424 | ||
| 546 | _aEng. | ||
| 650 |
_aManagement _vWhat is Team Work?Model for Building Teamwork |
||
| 942 | _cBK | ||
| 999 |
_c551 _d551 |
||